President's Favorite Movies - Statistics

General Stats
  • This quiz has been taken 25 times
  • The average score is 7 of 17
Answer Stats
Picture Hint Answer % Correct
Gerald Ford Home Alone
94%
Barack Obama The Godfather
89%
Jimmy Carter Gone with the Wind
72%
Ronald Reagan It's a Wonderful Life
61%
Richard Nixon Patton
56%
George W. Bush Field of Dreams
50%
Woodrow Wilson The Birth of a Nation
50%
Joe Biden Chariots of Fire
44%
John F. Kennedy From Russia with Love
33%
Dwight D. Eisenhower High Noon
33%
Bill Clinton High Noon
33%
Donald Trump Citizen Kane
22%
Lyndon B. Johnson The Searchers
22%
George H.W. Bush Viva Zapata!
22%
Franklin D. Roosevelt I'm No Angel
11%
Harry S. Truman My Darling Clementine
11%
Warren G. Harding The Covered Wagon
11%
No matching quizzes found
Score Distribution
Percent of People with Each Score
Percentile by Number Answered
Your Score History
You have not taken this quiz